000 00636nam a22002057a 4500
003 OSt
005 20140310183102.0
008 130302t xxu||||| |||| 00| 0 eng d
020 _a9710867385
050 _aQ 181
_b.C357 2007
082 _aFIL 507.22
_bC357 2007
245 _aPrinciples and experiments:
_cCatchillar, Gerry C.; Vibal, Pablito S.; Catchillar, Al C.; Catchillar, Ulysses C.
_bPhysical Science
260 _aMandaluyong City :
_bNational Book Store,
_cc2007.
300 _a361 p.
_c25 cm.
_bill. ;
521 _aCollege Students
526 _c1210L-1700L
541 _j1
562 _e1
942 _2lcc
_cBK
_kFIL
999 _c18743
_d18743